Research in surface forces /

Guardado en:
Autores Corporativos: Conference on surface forces, Academy of scienes of the USSR. Institute of Physical Chemistry.
Otros Autores: Deryagin, B. V.
Formato: Libro
Idioma:English
Russian
Publicado: New York : Consultants Bureau, [1963-<71 .
Materias:
Etiquetas: Agregar Etiqueta
Sin Etiquetas, Sea el primero en etiquetar este registro!
LEADER 01381cam a2200277 a 4500
001 EIQ.libpla000595
008 810916m19639999nyuao####b####100#0#eng##
005 20060322183341.0
245 0 0 |a Research in surface forces /  |c edited by Academician B.V. Deryagin ; traslated from russian by J. E. S. Bradley. 
260 |a New York :  |b Consultants Bureau,  |c [1963-<71 . 
300 |a <3 > v. :  |b il., fotos ;  |c 28 cm. 
500 |a "English translation of the proceedings of the [1st]-<3d > 1960-<66 >Conferences on Surface Forces, sponsored by the Institute of Physical Chemistry of the Academy of Sciences of the USSR". 
504 |a Incluye referencias bibliográficas. 
505 2 |a Volume 1- First conference (1960) -- Volume 2-Second conference (1964) -- Volume 3-Third conference (1966) 
500 |a La biblioteca posee vol. 3. 
700 1 |a Deryagin, B. V.  |q (Boris Vladimirovich) 
711 2 |a Conference on surface forces  |n (3a. :  |d 1966 :  |c Russia) 
710 2 |a Academy of scienes of the USSR.  |b Institute of Physical Chemistry. 
650 4 |a Química de superficies  |x Congresos. 
650 4 |a Superficies (Química)  |x Investigación. 
650 0 |a Surface chemistry  |x Congresses. 
650 4 |a Surface (chemistry)  |x Research. 
010 |a  62015549  
040 |a DLC  |c DLC  |d AR-BbSID 
041 1 |a eng  |h rus 
859 |a AR-BbSID  |b BIB. PLAPIQUI  |h 541.345 3  |i R 311  |p 421  |v Vol. 3  |3 Vol. 3